| 000 | 00711nam a22002177r 4500 | ||
|---|---|---|---|
| 003 | 3228 | ||
| 005 | 20260601113847.0 | ||
| 008 | 260601b sa a|||b |||| 00| 1 eng d | ||
| 020 | _a9781789893007 (hardback) | ||
| 040 |
_aMPL _beng _c3228 _erda |
||
| 041 | _aEnglish | ||
| 082 | 0 | _aEKF BEDT | |
| 245 | _aBedtime stories | ||
| 260 |
_aEssex : _bMiles Kelly Publishing , _c©2023, _c2023. |
||
| 300 |
_a96 pages : _billustrations ; _c26 cm |
||
| 500 | _a[4 Short stories to share] | ||
| 505 | _tContents: Puss in Boots ; Goldilocks and the three bears ; The three little pigs ; Little Red Riding Hood. | ||
| 655 | 0 |
_9188586 _aChildren's Fiction |
|
| 655 | 0 |
_9199613 _aBedtime Stories |
|
| 942 |
_2ddc _cBK _w296 _xPhillipina Naude _y296 _zPhillipina Naude |
||
| 999 |
_c799215 _d799214 |
||